Responses for Show #2690 - Friday, April 19, 1996

Contestants

[<< previous game]

Robin Gilliam, a homemaker from Dallas, Texas

Sendhil Revuluri, a trading assistant from Chicago, Illinois

Leslie Bitner, a law student from Houston, Texas (whose 1-day cash winnings total $11,300)

[next game >>]

Jeopardy! Round responses

U.S.A.
1995 MOVIES
BUSINESS BIGGIES
FASHION STATEMENTS
SCIENCE
OLD GLORY'S STARS
    $100 1
Houston

Robin
    $100 20
The Bridges of Madison County

Sendhil
    $100 16
IBM

Sendhil
    $100 10
a hat

Leslie
    $100 2
a laser

Sendhil
    $100 25
25

Sendhil
    $200 7
(Robin: What is...)
(Alex: Oh, sorry.)
(Robin: ...[*]?)

Carlsbad Caverns

SendhilRobin
    $200 21
Casper

Sendhil
    $200 18
Hertz

Sendhil
    $200 11
a shoe

Sendhil
    $200 3
soil

Robin
    $200 26
5

Sendhil
    $300 8
Virginia Dare

Sendhil
    $300 22
Keanu Reeves

Sendhil
    $300 15
Hershey

Robin
    $300 12
a belt

Robin
    $300 4
(Sendhil: What is carbon?)

rubber

Sendhil
Triple Stumper
    $300 27
a constellation

Robin
    $400 9
Tennessee Walkers

Robin
    $400 23
Apollo 13

Sendhil
    $400 19
ABC

Sendhil
    $400 13
apron strings

Sendhil
    $400 5
a follicle

Sendhil
    $400 29
a canton

Sendhil
    $500 14
Vermont

Sendhil
    $500 24
Judge Dredd

Sendhil
    $500 17
Du Pont

Robin
    $500 28
kid gloves

Sendhil
    $500 6
cholesterol

Sendhil
    $500 30
(Sendhil: Who was Harry Truman?)

Dwight David Eisenhower

Sendhil

Scores at the first commercial break (after clue 15):

Leslie Sendhil Robin
$100 $2,300 $1,100

Scores at the end of the Jeopardy! Round:

Leslie Sendhil Robin
$100 $5,200 $1,900

Double Jeopardy! Round responses

ROYALTY
MUSIC
COLLEGES & UNIVERSITIES
BIBLICAL WHO'S WHO
BRITISH AUTHORS
WORLD "C"ITIES
    $200 26
Nero

Sendhil
    $200 11
rag (ragtime)

Robin
    $200 20
Columbus, (Ohio)

Robin
    $200 6
David

Robin
    $200 21
Ian Fleming

Sendhil
    $200 1
Cairo

Sendhil
    $400 27
France

Sendhil
    $400 12
a xylophone

Sendhil
    $400 16
Massachusetts

Sendhil
    $400 7
(Sendhil: Who is Moses?)

Abraham

SendhilRobin
    $400 22
(Rudyard) Kipling

Sendhil
    $400 2
Calcutta

Sendhil
    $600 28
Portugal

Leslie
    $600 13
soprano

Sendhil
    $600 17
Beirut

Leslie
    $600 8
(Robin: Who is Saul, or Paul?)

Jonah

Robin
Triple Stumper
    $600 23
Wodehouse

Sendhil
    $600 3
Cologne

Leslie
    $800 29
Prince Philip

Leslie
    $800 14
the guitar

Leslie
    $1,500 18
(Leslie: What is Mount Holyoke?)

Vassar

Leslie
    $3,000 9
Miriam

Robin
    $800 24
Defoe

Leslie
    $800 4
Cremona

Robin
    $1000 30
(Robin: Who is Queen Christina?)
(Leslie: Who is Beatrix?)

Juliana

LeslieRobin
Triple Stumper
    $1000 15
a chord

Sendhil
    $1000 19
Caltech

Sendhil
    $1000 10
Jacob

Leslie
    $1000 25
Huxley

Sendhil
    $1000 5
Christchurch

Robin

Scores at the end of the Double Jeopardy! Round:

Leslie Sendhil Robin
$2,800 $11,600 $6,100

[wagering suggestions for these scores]

Final Jeopardy! Round responses

ARTISTS
LeslieWho was van Gogh
$2,600
RobinWho was Manet
$4,998
SendhilWho was Van Gogh?
$601
Vincent van Gogh

Final scores:

Leslie Sendhil Robin
$5,400 $12,201 $1,102
2nd place: trip to Jamaica New champion: $12,201 3rd place: Motorola MicroTAC cellular phone

Game dynamics:

Coryat scores:

Leslie Sendhil Robin
$4,300 $12,100 $3,900
8 R,
2 W
(including 1 DD)
33 R,
3 W
(including 1 DD)
14 R
(including 1 DD),
3 W

Combined Coryat: $20,300

[game clues] [game scores] [suggest correction]

Game tape date: Unknown
The J! Archive is created by fans, for fans. Scraping, republication, monetization, and malicious use prohibited; this site may use cookies and collect identifying information. See terms. The Jeopardy! game show and all elements thereof, including but not limited to copyright and trademark thereto, are the property of Jeopardy Productions, Inc. and are protected under law. This website is not affiliated with, sponsored by, or operated by Jeopardy Productions, Inc. Join the discussion at JBoard.tv.